Classpect Quiz - Statistics

General Stats
  • This quiz has been taken 4 times
  • The average score is 8 of 16
Answer Stats
Hint Answer % Correct
Someone who, simply by existing, brings luck, whether good or bad Heir of Light
100%
Enters a friend group, then begins to separate them all Bard of Blood
50%
Someone who uses their existence to make people feel Heir of Heart
50%
Someone who uses their beliefs to fight Knight of Hope
50%
Someone who calls upon their hatred for power Knight of Rage
50%
Someone who, using their understanding of plant life grow a garden instantly Mage of Life
50%
Someone who keeps the adventure going. Plot device Maid of Breath
50%
Someone who creates a giant shadow to obscure the battlefield Maid of Void
50%
Connects the souls of their consorts to their own Page of Heart
50%
Someone who actively breaks the rules Prince of Doom
50%
Someone who knows every possible timeline they could follow Seer of Time
50%
Yells at someone to get their life together, destroying their problems Sylph of Rage
50%
Someone who uses someone elses shadow to escape a threat Thief of Void
50%
Someone who uses their power to make someone ignored Witch of Light
50%
Changes ones memories Witch of Mind
50%
Someone who uses the insecurities they caused to lift someone else up Rogue of Breath
0%
No matching quizzes found
Score Distribution
Percent of People with Each Score
Percentile by Number Answered
Your Score History
You have not taken this quiz